| 000 | 00865nac a22003130a 4500 | ||
|---|---|---|---|
| 001 | PT35072 | ||
| 003 | AR-LpoUNG | ||
| 005 | 20210201005337.0 | ||
| 008 | 201001s1994||||xxu|||||||||||||||||eng d | ||
| 020 |
_a0138300844 _c$91 |
||
| 040 |
_aAR-LpoUNG _bspa _eaacr |
||
| 041 | _aeng | ||
| 044 | _axxu | ||
| 082 | 0 | _a428 364worv3 | |
| 100 | 1 | _aRein, David P. | |
| 245 | 1 | 0 |
_aSpectrum : _ba communicative course in english : workbook 3A |
| 260 |
_aNew Jersey : _bPrentice Hall, _c1994. |
||
| 300 |
_a60 p. : _bil., tbls. _3Impreso |
||
| 490 | 0 | _aSpectrum : a communicative course in english | |
| 650 | 4 | _aAPRENDIZAJE | |
| 650 | 4 | _aCOMUNICACION | |
| 650 | 4 | _aENSEĆANZA DE IDIOMAS | |
| 650 | 4 | _aGRAMATICA | |
| 650 | 4 | _aLENGUA INGLESA | |
| 651 | 4 | _aDOCUMENTOS TEORICOS O METODOLOGICOS | |
| 700 | 1 | _aByrd, Donald R. H. | |
| 905 | _a35072 | ||
| 942 | _cLIB | ||
| 999 |
_c49214 _d49214 |
||